| 000 | 00704nam a2200193 a 4500 | ||
|---|---|---|---|
| 005 | 20140412111250.0 | ||
| 008 | 030411s19uu xx 00 eng d | ||
| 020 | _a0-14-054219-1 | ||
| 050 |
_aTR(PS E _bAn7 1990 |
||
| 100 | _aTsutsui, Yoriko | ||
| 245 |
_aAnna's special present / _cby Yoriko Tsutsui ; pictures by Akiko Hayashi. |
||
| 260 |
_aNew York : _bPuffin Books, _c1990. |
||
| 300 | _a1 v. (unp.) ; ill. | ||
| 520 | _aAnna hates it when her little sister Katy begs to play with her favorite doll; but, when Katy is sick in the hospital, Anna knows just right gift to cheer her. | ||
| 650 | _aSisters--Fiction | ||
| 650 | _aDolls--Fiction | ||
| 650 | _aSickness--Fiction | ||
| 999 |
_c103099 _d103099 |
||